El Amparo en Ln̕ea

Detalles Bibliográficos
Autor principal: Vz̀quez Azuara, Carlos Antonio
Formato: eBook
Lenguaje:español
Publicado: Veracruz: Universidad de Xalapa, 2016
Materias:
Acceso en línea:Acceso restringido

MARC

LEADER 00000nam a22000007a 4500
005 20190412121335.0
007 cr|||| ||||
008 190412s2016 mx |||||s|||| 00||0 spa d
020 |a 978-607-8156-50-4 
035 |a 23124 
040 |a vLex 
090 |c 8606  |d 8606 
100 1 |a Vz̀quez Azuara, Carlos Antonio 
245 1 2 |a El Amparo en Ln̕ea  |h [Recurso electrn̤ico] /  |c Carlos Antonio Vz̀quez Azuara 
256 |a Servicio en ln̕ea 
260 |a Veracruz:  |b Universidad de Xalapa,  |c 2016 
300 |a 1 recurso electrn̤ico 
506 1 |a Disponible solo en los productos indicados  |d vLex Global  |d vLex Global (Academic Edition, excluding Law Schools)  |d vLex Global (U.S. Academic Edition, Law Schools)  |d vLex Global (U.S. Academic Edition, excluding Law Schools)  |d vLex Global (Academic Edition, Law Schools) 
650 0 4 |a Derecho Constitucional  |z Espaą 
740 0 |a vLex Libros (Servicio en ln̕ea) 
856 4 0 |u http://vlex.com/source/amparo-en-linea-23124  |z Acceso restringido 
942 |c BOOK 
999 0 |a Constitutional right